Normal view
MARC view
Entry Personal Name
001 - CONTROL NUMBER
- control field: 81545
003 - CONTROL NUMBER IDENTIFIER
- control field: dpl
005 - DATE AND TIME OF LATEST TRANSACTION
- control field: 20250602161436.0
008 - FIXED-LENGTH DATA ELEMENTS
- fixed length control field: 250602|| aca||aabn | a|a d
040 ## - CATALOGING SOURCE
- Original cataloging agency: dpl
- Transcribing agency: dpl
100 ## - HEADING--PERSONAL NAME
- Personal name: Rajaram, Kalpana
670 ## - SOURCE DATA FOUND
- Source citation: Work cat.: (dpl)211508: Rajaram, Kalpana , Question Bank for NTA UGC NET | SET | JRF | General Paper -1 | Teaching and Research Aptitude – 2024/, 2024
